000 00671nam a2200241 i 4500
001 C2-0298699
003 PPAK
005 20180728080635.0
008 090608s2007 cc a|||| ||||| | chi d
020 _a7807240105
040 _aPPAK
_beng
_cPPAK
_erda
082 0 4 _a951
_223
090 0 0 _a951
_bLIU
_dG
100 1 _aLiu, Xiao Mei,
_eauthor
245 1 0 _aZhong wai ming ren yu shi jie jun shi zhan zheng
264 1 _aBeijing :
_bJing hua chu ban she ,
_c2007
300 _a437 pages :
_billustrations ;
_c21 cm
336 _2rdacontent
_atext
337 _2rdamedia
_aunmediated
338 _2rdacarrier
_avolume
650 1 0 _aChina - History
942 _ddc
_cB
999 _c102870
_d102870